书目信息 |
| 题名: |
社会保障概论
|
|
| 作者: | 孙光德 , 董克用 主编 | |
| 分册: | ||
| 出版信息: | 北京 中国人民大学出版社 2000 |
|
| 页数: | 424页 | |
| 开本: | 23cm | |
| 丛书名: | ||
| 单 册: | ||
| 中图分类: | C913.7 | |
| 科图分类: | ||
| 主题词: | 社会保障--she hui bao zhang--高等学校--教材 | |
| 电子资源: | ||
| ISBN: | 7-300-03276-1 | |
| 000 | 00777nam0 2200253 45 | |
| 001 | CAL 012000874312 | |
| 005 | 20031219104054.6 | |
| 010 | @a7-300-03276-1@dCNY33.00 | |
| 100 | @a20000923d2000 em y0chiy0121 ea | |
| 101 | 0 | @achi |
| 102 | @aCN@b110000 | |
| 105 | @aak z 000yy | |
| 106 | @ar | |
| 200 | 1 | @a社会保障概论@Ashe hui bao zhang gai lun@f孙光德,董克用主编 |
| 210 | @a北京@c中国人民大学出版社@d2000 | |
| 215 | @a424页@c图@d23cm | |
| 300 | @a21世纪社会保障系列教材 | |
| 510 | 1 | @aGeneral introduction of social security@zeng |
| 606 | @a社会保障@Ashe hui bao zhang@j高等学校@j教材 | |
| 690 | @aC913.7@v4 | |
| 701 | 0 | @a孙光德@Asun guang de@4主编 |
| 701 | 0 | @a董克用@Adong ke yong@4主编 |
| 801 | @aCN@bTSTC@c20020416 | |
| 905 | @b308257-258@dC913.7@e267@f2 | |
| 社会保障概论/孙光德,董克用主编.-北京:中国人民大学出版社,2000 |
| 424页:图;23cm |
| 21世纪社会保障系列教材 |
| ISBN 7-300-03276-1:CNY33.00 |
| ● |
| 相关链接 |
|
|
|
|
正题名:社会保障概论
索取号:C913.7/267
 
预约/预借
| 序号 | 登录号 | 条形码 | 馆藏地/架位号 | 状态 | 备注 |
| 1 | 0308257 | 203082573 | 教育系资料室/ [索取号:C913.7/267] | 在馆 | |
| 2 | 0308258 | 203082582 | 第一样本阅览室/ [索取号:C913.7/267] | 在馆 | |
| 3 | 0318355 | 203183553 | 第一借阅区/ [索取号:C913.7/267] | 在馆 | |
| 4 | 0318356 | 203183562 | 教育系资料室/ [索取号:C913.7/267] | 在馆 | |
| 5 | 0318357 | 203183571 | 第一借阅区/ [索取号:C913.7/267] | 在馆 | |
| 6 | 0318358 | 203183580 | 第一借阅区/ [索取号:C913.7/267] | 在馆 | |
| 7 | 0318359 | 203183599 | 教育系资料室/ [索取号:C913.7/267] | 在馆 |